| 000 | 00812nam a2200205 i 4500 | ||
|---|---|---|---|
| 001 | 153379 | ||
| 003 | ES-MaACL | ||
| 005 | 20230906205212.0 | ||
| 008 | 970612s1850 sp f |||| |bspa d | ||
| 080 | _a929 Arrazola, Lorenzo | ||
| 245 | 0 | 0 |
_aHistoria científica, política y ministerial del Excmo. Señor D. Lorenzo Arrazola / _cescrita por D.L.C. |
| 260 |
_aMadrid : _b[s.n.], _c1850 ( _fImp. de José María Ducazcal) |
||
| 300 |
_a272 p., [1] h. de lám. ; _c24 cm. |
||
| 530 | _aDisponible en formato digital. | ||
| 599 | _aLám. litogr.: "J. Vallejo, Lit. de J. Donon", retr. de Lorenzo Arrazola. | ||
| 600 | 1 | 4 |
_aArrazola, Lorenzo, _d1795-1873 _923230 |
| 852 |
_aES-MaACL _jB-299 _z- Enc. hol. |
||
| 856 |
_uhttp://hdl.handle.net/10357/692 _zMemoria Digital Vasca |
||
| 999 |
_c153379 _d153379 |
||